000 00370nam a22001577a 4500
003 AR-RoIUNI
005 20190429170336.0
008 190429b xxu||||| |||| 00| 0 spa d
020 _a9789871708420
040 _cIUNIR
080 _a82-9(82) MIT
245 1 _aMitos & leyendas de argentina
300 _a95 p.
_c17 cm.
650 1 0 _9557
_aLiteratura
942 _2cdu
_cBK
999 _c4518
_d4518